Statistics for Janet Jackson Charting Songs (Billboard Hot 100)

Click here to take the quiz!

General Stats

  • This quiz has been taken 17 times
  • The average score is 19 of 41

Answer Stats

AlbumWeeks OnPeakArtist(s)Song% Correct
All For You22 Weeks#1 (7 Weeks)JanetAll For You
89%
HIStory: Past, Present and Future, Book I17 Weeks#5Michael Jackson & Janet JacksonScream / Childhood
89%
Control18 Weeks#5Janet JacksonControl
89%
Janet Jackson's Rhythm Nation 181417 Weeks#2Janet JacksonRhythm Nation
78%
Control21 Weeks#4Janet JacksonWhat Have You Done For Me Lately
67%
janet.23 Weeks#1 (8 Weeks)Janet JacksonThat's the Way Love Goes
67%
janet.23 Weeks#1 (2 Weeks)Janet JacksonAgain
67%
janet.27 Weeks#4Janet JacksonIf
67%
The Velvet Rope20 Weeks#3Janet ft. BLACKstreetI Get Lonely
56%
Unbreakable2 Weeks#63Janet ft. J ColeNo Sleeep
56%
Control18 Weeks#14Janet JacksonThe Pleasure Principle
56%
janet.20 Weeks#10Janet JacksonBecause of Love
56%
Mo' Money20 Weeks#10Luther Vandross & Janet Jackson with BBD & Ralph TresvantThe Best Things in Life are Free
56%
Nutty Professor II: The Klumps Soundtrack and All for You24 Weeks#1 (3 Weeks)JanetDoesn't Really Matter
56%
The Velvet Rope46 Weeks#1 (2 Weeks)JanetTogether Again
56%
Design of a Decade 1986/199624 Weeks#3Janet JacksonRunaway
56%
Control19 Weeks#2Janet JacksonLet's Wait Awhile
56%
janet.20 Weeks#2Janet JacksonAny Time, Any Place / And On and On
56%
Janet Jackson's Rhythm Nation 181416 Weeks#1 (1 Week)Janet JacksonBlack Cat
56%
Control19 Weeks#1 (2 Weeks)Janet JacksonWhen I Think of You
56%
Non-Album Single1 Week#88Janet & Daddy YankeeMade For Now
44%
Control19 Weeks#3Janet JacksonNasty
44%
Janet Jackson's Rhythm Nation 181417 Weeks#2Janet JacksonCome Back to Me
44%
Janet Jackson's Rhythm Nation 181416 Weeks#4Janet JacksonAlright
44%
Janet Jackson's Rhythm Nation 181420 Weeks#1 (4 Weeks)Janet JacksonMiss You Much
44%
All For You20 Weeks#3JanetSomeone To Call My Lover
33%
Janet Jackson's Rhythm Nation 181422 Weeks#1 (1 Week)Janet JacksonLove Will Never Do (Without You)
33%
Finally11 Weeks#47BLACKstreet with JanetGirlfriend / Boyfriend
33%
Discipline17 Weeks#19JanetFeedback
33%
20 Y.O.18 Weeks#25Janet & NellyCall on Me
33%
Janet Jackson's Rhythm Nation 181417 Weeks#1 (3 Weeks)Janet JacksonEscapade
33%
janet.22 Weeks#8Janet JacksonYou Want This / 70's Love Groove
33%
Extinction Level Event20 Weeks#3Busta Rhymes ft. JanetWhat's It Gonna Be?!
33%
All For You12 Weeks#28Janet ft. Missy Elliot, P. Diddy & Carly SimonSon of a Gun
22%
Tropical Storm12 Weeks#28Beenie Man ft. JanetFeel It Boy
22%
Damita Jo6 Weeks#45Janet JacksonJust a Little While
22%
Damita Jo10 Weeks#57Janet JacksonI Want You
22%
Janet Jackson6 Weeks#64Janet JacksonYoung Love
22%
20 Y.O.3 Weeks#90Janet ft. KhiaSo Excited
22%
How Stella Got Her Groove Back17 Weeks#76Shaggy ft. JanetLuv Me, Luv Me
11%
Janet Jackson9 Weeks#58Janet JacksonCome Give Your Love to Me
0%

Score Distribution

Percentile by Number Answered

Percent of People with Each Score

Your Score History

You have not taken this quiz